| 000 | 00443nam a2200205Ia 4500 | ||
|---|---|---|---|
| 001 | 13403 | ||
| 003 | GE_BSU | ||
| 008 | 181216s||||||||xx |||||||||||||| ||und|| | ||
| 020 | _a0552110868 | ||
| 040 | _cGE_BSU | ||
| 080 | _a821.111-32 | ||
| 100 | _aCookson,Catherine. | ||
| 245 | 4 | _aThe Mallen Girl. | |
| 260 | _aLondon. | ||
| 260 | _bCorgi books. | ||
| 260 | _c1973 | ||
| 300 | _a279p;18cm. | ||
| 653 | _aThe Mallen Girl. | ||
| 942 | _cBK | ||
| 999 |
_c46564 _d46564 |
||